| 000 | 00607nam a2200193 a 4500 | ||
|---|---|---|---|
| 005 | 20230511063525.0 | ||
| 008 | 991125s1979 mx 000 0 spa u | ||
| 020 | _a9688054526 | ||
| 035 | _aUPN01000011732 | ||
| 049 | _aCG | ||
| 050 | 4 |
_aF1234 _aA4.6 |
|
| 100 | 1 |
_aAlessio Robles, Vito, _d1879-1957 |
|
| 245 | 1 | 3 |
_aLa Convención Revolucionaria de Aguascalientes / _cVito Alessio Robles. |
| 260 |
_aMéxico : _bINEHRM, _c1979. |
||
| 300 | _a475 p. | ||
| 651 | 4 |
_aMéxico _xHistoria _yRevolución, 1910-1917 _9223 |
|
| 610 | 1 | 4 |
_aMEXICO. _bSOBERANA CONVENCION REVOLUCIONARIA, 1914-1915 _924030 |
| 905 | _aLibro | ||
| 999 |
_c11732 _d11732 |
||